000 00440nam a2200169Ia 4500
008 221030s9999 xx 000 0 und d
020 _a007058947x
041 _aEnglish
082 _a105.23
_bWit
100 _aA. F. Witting
245 0 _aSchaum`s Outline of Theory & Problems of Introduction to Psychology
_cby A. F. Witting
250 _a2nd
260 _bTMH
_aNew Delhi
_c2004
300 _a318
650 _aManagement
942 _cBK
999 _c3992
_d3992